Städte in den USA mit mehr als 1 Million Einwohner - Statistiken

Allgemein
  • Dieses Quiz wurde 205 mal gespielt
    161 seit der letzten Aktualisierung
  • Das Durchschnittsergebnis liegt bei 3 aus 10
Answers on the Grid
Answers color-coded by a green-red scale on the quiz's grid according to % correct below.
Austin
Seattle
Las Vegas
New York City
Houston
Philadelphia
Indianapolis
Denver
Boston
Chicago
Baltimore
San Antonio
San Francisco
Washington D.C.
Orlando
Dallas
Portland
Los Angeles
Miami
Atlanta
St. Louis
San Diego
Phoenix
New Orleans
Memphis
Nashville
Charlotte
San José
Milwaukee
Fort Worth
Detroit
Minneapolis
 
Antwortstatistiken
Antwort % Korrekt
New York City
83%
Chicago
58%
Los Angeles
46%
Houston
42%
Philadelphia
35%
Dallas
31%
Phoenix
18%
San Diego
13%
San Antonio
12%
San José
5%
Keine übereinstimmenden Quizze gefunden
Verteilung der Resultate
Anzahl Personen mit jedem Resultat
Perzentil nach korrekt beantworteten Fragen
Ihre Resultats-Entwicklung
Sie haben dieses Quiz seit der letzten Aktualisierung nicht gespielt